<?xml version="1.0" encoding="UTF-8"?>
<collection xmlns="http://www.loc.gov/MARC21/slim">
 <record>
  <leader>     na                 </leader>
  <controlfield tag="001">INLIS000000000009296</controlfield>
  <controlfield tag="005">20221024041852</controlfield>
  <datafield tag="035" ind1=" " ind2=" ">
   <subfield code="a">0010-0520009296</subfield>
  </datafield>
  <controlfield tag="008">221024                |          | ind  </controlfield>
  <datafield tag="020" ind1=" " ind2=" ">
   <subfield code="a">9786029983302</subfield>
  </datafield>
  <datafield tag="041" ind1=" " ind2=" ">
   <subfield code="a">ind</subfield>
  </datafield>
  <datafield tag="082" ind1=" " ind2=" ">
   <subfield code="a">321.8</subfield>
  </datafield>
  <datafield tag="084" ind1=" " ind2=" ">
   <subfield code="a">321.8 DEM</subfield>
  </datafield>
  <datafield tag="100" ind1="0" ind2=" ">
   <subfield code="a">Demokrasi, HAM, &amp; Konstitusi: Perspektif Negara-Bangsa untuk Menghadirkan Keadilan</subfield>
  </datafield>
  <datafield tag="245" ind1="1" ind2=" ">
   <subfield code="a">Demokrasi, HAM, &amp; Konstitusi: Perspektif Negara-Bangsa untuk Menghadirkan Keadilan /</subfield>
   <subfield code="c">Editor : I Gede Yusa</subfield>
  </datafield>
  <datafield tag="250" ind1=" " ind2=" ">
   <subfield code="a">ed. 1</subfield>
  </datafield>
  <datafield tag="260" ind1=" " ind2=" ">
   <subfield code="a">Malang :</subfield>
   <subfield code="b">Setara Press,</subfield>
   <subfield code="c">2011</subfield>
  </datafield>
  <datafield tag="300" ind1=" " ind2=" ">
   <subfield code="a">vi, 288 hlm. ;</subfield>
   <subfield code="c">14 x 20 cm</subfield>
  </datafield>
  <datafield tag="520" ind1=" " ind2=" ">
   <subfield code="a">Hingar bingar politik yang terjadi hingga saat ini semenjak terjadinya reformasi politik lebih dari 10 tahun yang lalu ternyata belum mampu mendorong terjadinya konsolidasi demokrasi di Indonesia. Demokrasi yang saat ini terjadi adalah demokrasi tanpa hukum. Prasyarat penting bagi berjalannya demokrasi yang memenuhi aspek-aspek substansial bukan saja prosdural maka demokrasi harus berjalan dalam kaedah-kaedah hukum.</subfield>
  </datafield>
  <datafield tag="650" ind1=" " ind2="4">
   <subfield code="a">Demokrasi - Indonesia</subfield>
  </datafield>
  <datafield tag="650" ind1=" " ind2="4">
   <subfield code="a">Democracy -- Indonesia.  |  Constitutional law -- Indonesia.  |  Human rights -- Indonesia.</subfield>
  </datafield>
  <datafield tag="650" ind1=" " ind2="4">
   <subfield code="a">Hukum konstitusi - Indonesia</subfield>
  </datafield>
  <datafield tag="990" ind1=" " ind2=" ">
   <subfield code="a">24614/MKRI-P/VII-2016</subfield>
  </datafield>
  <datafield tag="990" ind1=" " ind2=" ">
   <subfield code="a">24616/MKRI-P/VII-2016</subfield>
  </datafield>
  <datafield tag="990" ind1=" " ind2=" ">
   <subfield code="a">24617/MKRI-P/VI-2016</subfield>
  </datafield>
  <datafield tag="990" ind1=" " ind2=" ">
   <subfield code="a">24612/MKRI-P/VII-2016</subfield>
  </datafield>
  <datafield tag="990" ind1=" " ind2=" ">
   <subfield code="a">24612/MKRI-P/VII-2016</subfield>
  </datafield>
  <datafield tag="990" ind1=" " ind2=" ">
   <subfield code="a">24614/MKRI-P/VII-2016</subfield>
  </datafield>
  <datafield tag="990" ind1=" " ind2=" ">
   <subfield code="a">24616/MKRI-P/VII-2016</subfield>
  </datafield>
  <datafield tag="990" ind1=" " ind2=" ">
   <subfield code="a">24617/MKRI-P/VI-2016</subfield>
  </datafield>
  <datafield tag="990" ind1=" " ind2=" ">
   <subfield code="a">24617/MKRI-P/VI-2016</subfield>
  </datafield>
  <datafield tag="990" ind1=" " ind2=" ">
   <subfield code="a">24614/MKRI-P/VII-2016</subfield>
  </datafield>
  <datafield tag="990" ind1=" " ind2=" ">
   <subfield code="a">24616/MKRI-P/VII-2016</subfield>
  </datafield>
  <datafield tag="990" ind1=" " ind2=" ">
   <subfield code="a">24612/MKRI-P/VII-2016</subfield>
  </datafield>
  <datafield tag="990" ind1=" " ind2=" ">
   <subfield code="a">24616/MKRI-P/VII-2016</subfield>
  </datafield>
  <datafield tag="990" ind1=" " ind2=" ">
   <subfield code="a">24614/MKRI-P/VII-2016</subfield>
  </datafield>
  <datafield tag="990" ind1=" " ind2=" ">
   <subfield code="a">24617/MKRI-P/VI-2016</subfield>
  </datafield>
  <datafield tag="990" ind1=" " ind2=" ">
   <subfield code="a">24612/MKRI-P/VII-2016</subfield>
  </datafield>
 </record>
</collection>
